|
|
|
|
| LEADER |
01335nam a2200253 a 4500 |
| 001 |
GR-Patra30645 |
| 003 |
GR-PaULI |
| 005 |
20230504140100.0 |
| 008 |
071024s2006 gr g 000 0 gre d |
| 952 |
|
|
|0 0
|1 0
|2 ddc
|4 0
|6 302_234000000000000_409_495_ΡΑΔ
|7 0
|9 312399
|a LISP
|b LISP
|c BSC
|d 2021-01-17
|e 24
|f
|g 0.00
|i 48976
|l 0
|o 302.234 409 495 ΡΑΔ
|p 025000301900
|r 2021-01-17 00:00:00
|t 1
|v 2021.00
|w 2021-01-17
|y BK15
|e
|x
|x GrPaTEI
|
| 999 |
|
|
|c 179159
|d 179159
|
| 020 |
|
|
|a 9608792029
|
| 040 |
|
|
|a GR-PaULI
|b grea
|c GR-PaULI
|e AACR2
|
| 082 |
0 |
4 |
|a 302.234 409 495
|2 23
|
| 245 |
0 |
3 |
|a Το ραδιόφωνο στην Ελλάδα /
|c ερευνητικά κείμενα και συμβολές Ειρήνη Ανδριοπούλου... [και.ά.].
|
| 260 |
|
|
|a Αθήνα :
|b Ινστιτούτο Οπτικοακουστικών Μέσων,
|c 2006.
|
| 300 |
|
|
|a 293 σ. :
|b εικ. ;
|c 29 εκ.
|
| 490 |
1 |
|
|a Τετράδια επικοινωνίας
|v 6
|
| 504 |
|
|
|a Βιβλιογραφία: σ.265-283
|
| 650 |
|
4 |
|a Ραδιόφωνο
|9 32001
|x Ιστορία
|z Ελλάδα.
|
| 700 |
1 |
|
|9 111049
|a Ανδριοπούλου, Ειρήνη
|e συγγραφέας.
|
| 830 |
|
0 |
|a Τετράδια επικοινωνίας (Ινστιτούτο Οπτικοακουστικών Μέσων)
|9 197728
|v 6
|
| 942 |
|
|
|2 ddc
|c BK
|
| 998 |
|
|
|c ΜΠΟΥΡΑΣ
|d 2023-05
|